00715nam a2200241 a 4500001001300000003000900013005001700022008004100039020002300080082001300103100002500116245005000141260004200191300000900233500003500242505001300277650001200290700002500302902000800327942000700335952011400342999001700456nice12345678IN_TiNIC20260116014655.0090128s2007 dela grp 000 0 eng  a0195691997 c39500a823bVAI aVaid, Krishna Baldev aDiary of a Maidservantb Ek Naukrani Ki Diary aDelhi bOxford and IBH PUB CO. c2007 a264p aincludes index and biblioraphy2 aglossary aFiction1 aVaid, Krishna Baldev bSRS cBK 001040708StackRoom-aHMIbHMId2010-05-25g395.00l0o823 VAIp022660r2010-05-25v395.00w2009-01-28yBK c16420d16420